Schaum's 3000 solved problems in Calculus / (Record no. 4404)

MARC details
000 -LEADER
fixed length control field 00797nam a22002177a 4500
005 - DATE AND TIME OF LATEST TRANSACTION
control field 20250924042517.0
008 - FIXED-LENGTH DATA ELEMENTS--GENERAL INFORMATION
fixed length control field 250924b ||||| |||| 00| 0 eng d
020 ## - INTERNATIONAL STANDARD BOOK NUMBER
International Standard Book Number 9711105624
040 ## - CATALOGING SOURCE
Original cataloging agency CvSU-CCAT Campus Library.
Transcribing agency CvSU-CCAT Campus Library.
Description conventions rda.
041 ## - LANGUAGE CODE
Language code of text/sound track or separate title English.
050 ## - LIBRARY OF CONGRESS CALL NUMBER
Classification number CIR QA 303
Item number Sc33 1988
100 ## - MAIN ENTRY--PERSONAL NAME
Personal name Mendelson, Elliott, author.
9 (RLIN) 17278
245 ## - TITLE STATEMENT
Title Schaum's 3000 solved problems in Calculus /
Statement of responsibility, etc. Elliott Mendelson.
260 ## - PUBLICATION, DISTRIBUTION, ETC.
Place of publication, distribution, etc. New York :
Name of publisher, distributor, etc. McGraw-Hill Book Company,
Date of publication, distribution, etc. c1988.
300 ## - PHYSICAL DESCRIPTION
Extent v, 442 pages :
Other physical details illustrations ;
Dimensions 27 cm
504 ## - BIBLIOGRAPHY, ETC. NOTE
Bibliography, etc. note Includes bibliographical references and index.
541 ## - IMMEDIATE SOURCE OF ACQUISITION NOTE
Accession number 5598
546 ## - LANGUAGE NOTE
Language note In English text.
650 ## - SUBJECT ADDED ENTRY--TOPICAL TERM
Topical term or geographic name entry element Calculus -- Problems, exercises, etc.
9 (RLIN) 17279
942 ## - ADDED ENTRY ELEMENTS (KOHA)
Source of classification or shelving scheme Library of Congress Classification
Koha item type Book
Classification part QA 303 Sc33 1988
Call number prefix CIR
Holdings
Withdrawn status Lost status Source of classification or shelving scheme Damaged status Not for loan Collection code Home library Current library Shelving location Date acquired Source of acquisition Coded location qualifier Total Checkouts Full call number Barcode Date last seen Copy number Price effective from Koha item type
    Library of Congress Classification     Book Cavite State University - CCAT Campus Cavite State University - CCAT Campus GCS 09/24/2025 Donated by CCAT PTA GCS   CIR QA 303 Sc33 1988 R0005598 09/24/2025 1 09/24/2025 Book